LEADER 01358nam a2200301 4500 001 000000363618 003 CaOOAMICUS 005 20250716161636.0 008 250716s2025 it a 000 u ita r 020 $a979-1-254-86500-2 040 $aSeMil$bita 100 1 $aFalcucci, Beatrice.$0(OLS)http://semarc/name/122434 245 12$aL'impero dei musei :$bstorie di collezioni coloniali italiane /$cBeatrice Falcucci. 264 1$aOspedaletto (Pisa) :$bPacini Editore,$c2025. 300 $a396 p. :$bill. ;$c21 cm 490 1 $aLe ragioni di Clio ;$v47 490 1 $aSaggistica 650 4$aColonialismo italiano - Reperti.$0(OLS)http://semarc/subject/58254 650 4$aMuseologia [e] museografia.$0(OLS)http://semarc/subject/52418 650 4$aItalia - Storia - Sec. 20.$0(OLS)http://semarc/subject/254 830 3$aLe ragioni di Clio ;$v47.$0(OLS)http://semarc/title/441436 830 0$aSaggistica.$0(OLS)http://semarc/title/419677 850 $aSeMil 852 $aSeMil$W1$xVenegono$y1$m3V II 442$j259828$B254472$CSeMilBibl$Z2$F254472 $81 996 $6020$a979-1-254-86500-2$9(OLS)http://semarc/number/303666 996 $6245$aL'impero dei musei :$bstorie di collezioni coloniali italiane$9(OLS)http://semarc/title/454880 996 $6264$aOspedaletto (Pisa) :$bPacini Editore$9(OLS)http://semarc/publisher/33038 LEADER 01013nam a2200205 i 4500 001 000000000694 003 CaOOAMICUS 005 20180830125433.0 008 180830s1897 it u000 u ita u 040 $aSeMil$bita 245 10$aOpere filosofiche di Roberto Ardigò. 260 $aPadova :$bA. Draghi,$c1897$e(Padova :$fProsperini,$g1897) 300 $av. ;$c23 cm. 650 4$aArdigò, Roberto <1828-1920> - Opere.$0(OLS)http://semarc/subject/147 700 1 $aArdigò, Roberto.$0(OLS)http://semarc/name/548 774 0 $aArdigò, Roberto$tRagione ; La scienza sperimentale del pensiero ; Il mio insegnamento della filosofia nel r. Liceo di Mantova.$b[2. ed.].$dPadova : Draghi, 1906$g6$w()68901 774 0 $aArdigò, Roberto$tVol. 2.$b5. ed.$g2$w()73284 774 0 $aArdigò, Roberto$tFilosofia nel campo del sapere.$dPadova : A. Draghi, 1907.$g10$w()73293 996 $6245$aOpere filosofiche di Roberto Ardigò$9(OLS)http://semarc/title/1015 996 $6260$aPadova :$bA. Draghi$9(OLS)http://semarc/publisher/29966